000 002700000a22000970004500
100 1 _aLyall, Francis
245 1 0 _aMethaphors, legal and theological
300 _aVol. 10, Num. 2 (1992), Páginas 94-112
773 0 _tScottish Bulletin of Evangelical Theology
942 _cANA
999 _c55698
_d55698